000 00791nam a22002777a 4500
003 CHAP
005 20220329133903.0
008 971013c19721967 r 00010 d
010 _a12274
011 _a13246
035 _a17317
040 _cCHAP
082 _a311
_bG5Y
100 0 0 _aGiardina, Basilio.
_947849
245 _aManual de estadística
260 _aMéxico, D.F. :
_bCECSA,
_c1972 (c.1967)
300 _a568 p.
590 _aBATCH-UPD
_b10
_c20130110
_lUCH01
_h2105
590 _aBATCH-UPD
_b10
_c20130410
_lUCH01
_h1417
590 _aBATCH-UPD
_b10
_c20130914
_lUCH01
_h1323
590 _aCONVERSION
_b10
_c20130109
_lUCH01
_h1308
650 1 4 _aEstadística.
_938241
901 _aBK
942 _cLIBRO
949 _a311 G5Y
_bBC
_cLIBRO
_d33724000296208
_eLIBRO
_h19264
_i17317
_si
999 _c12274
_d12274